| 000 | 00990nam a22002417a 4500 | ||
|---|---|---|---|
| 001 | 22201 | ||
| 005 | 20260408104010.0 | ||
| 008 | 260408b |||||||| |||| 00| 0 spa d | ||
| 041 | _aESP | ||
| 082 |
_aS 657.42 _bF64 |
||
| 100 |
_aFlores Soria, Jaime _eAUT |
||
| 245 |
_aCostos : _bpara la toma de decisiones gerenciales |
||
| 260 |
_a : _b , _c2002 |
||
| 300 |
_a168 páginas : _b ; _c21 cm. |
||
| 440 | _a ; | ||
| 650 | _aCIS | ||
| 654 | _aCCO | ||
| 700 | _a; | ||
| 856 |
_uhttps://itmsp.museknowledge.com/UCSP?url=https://www.ebooks7-24.com:443/?il=9268&pg=1 _zVéase además: Costos para la toma de decisiones, por Ricardo Uribe Marín. Versión digital |
||
| 856 |
_uhttps://0u213vllv-y-https-ebooks7--24-com.itmsp.museknowledge.com/biblioteca.aspx _zVéase además: Base de datos Ebook7-24 |
||
| 856 |
_uhttps://0u21cvlm9-y-https-www-legismovil-pe.itmsp.museknowledge.com/interm/InterUCSanPablo.htm _zVéase además: Base de datos LegisMóvil |
||
| 942 |
_cLIB _dJUS _fJUS _n0 _2ddc |
||
| 999 |
_c22201 _d22201 |
||